Wszystkie Dzielnice w GTA 3 - Statystyki

Ogólne statystyki
  • Ten quiz został rozwiązany 21 razy
  • Średni wynik to 9 z 24
Statystyki odpowiedzi
Wyspa Dzielnica % Poprawnych
Portland Chinatown
65%
Portland Dzielnica Czerwonych Świateł
65%
Wyspa Staunton Fort Staunton
59%
Portland Saint Mark's
59%
Wyspa Staunton Aspatria
53%
Portland Portland Harbor
53%
Portland Harwood
47%
Wyspa Staunton Torrington
47%
Wyspa Staunton Bedford Point
41%
Shoreside Vale Cedar Grove
41%
Portland Trenton
41%
Portland Atlantic Quays
35%
Shoreside Vale Pike Creek
35%
Portland Portland View
35%
Shoreside Vale Wichita Gardens
35%
Portland Callahan Point
29%
Wyspa Staunton Newport
29%
Wyspa Staunton Rockford
29%
Wyspa Staunton Kampus Liberty
24%
Shoreside Vale Tama Cochrane
24%
Portland Wzgórza Hepburn
24%
Shoreside Vale Lotnisko Międzynarodowe Francis
18%
Wyspa Staunton Park Belleville
18%
Portland Plaża Portland
18%
Nie znaleziono quizów pasujących do podanych kryteriów
Rozkład punktacji
Procent ludzi z każdym wynikiem
Percentyl według liczby udzielonych odpowiedzi
Twoja historia wyników
Nie rozwiązałeś tego quizu